Spacile Adhbhudangal (Record no. 64905)

MARC details
000 -LEADER
fixed length control field 00480nam a2200145Ia 4500
008 - FIXED-LENGTH DATA ELEMENTS--GENERAL INFORMATION
fixed length control field 211109s9999||||xx |||||||||||||| ||und||
082 ## - DEWEY DECIMAL CLASSIFICATION NUMBER
Classification number 894.81207
Item number RAJ-S
100 ## - MAIN ENTRY--PERSONAL NAME
Personal name Rajan, Mohan Sundar
245 #0 - TITLE STATEMENT
Title Spacile Adhbhudangal
260 ## - PUBLICATION, DISTRIBUTION, ETC.
Name of publisher, distributor, etc. STATE INSTITUTE OF LANGUAGE
Place of publication, distribution, etc. Thiruvananthapuram
Date of publication, distribution, etc. 1976
300 ## - PHYSICAL DESCRIPTION
Extent 116p.
630 ## - SUBJECT ADDED ENTRY--UNIFORM TITLE
General subdivision general stack
650 ## - SUBJECT ADDED ENTRY--TOPICAL TERM
Topical term or geographic name entry element Literature & rhetoric
942 ## - ADDED ENTRY ELEMENTS (KOHA)
Koha item type BOOK
650 ## - SUBJECT ADDED ENTRY--TOPICAL TERM
Form subdivision Literatures of other languages
General subdivision Altaic, Uralic, Hyperborean & Dravidian Generalia
Holdings
Withdrawn status Lost status Damaged status Not for loan Home library Current library Date acquired Cost, normal purchase price Total Checkouts Full call number Barcode Shelving location Date last seen Date last checked out Price effective from Koha item type
        SB LIBRARY SB LIBRARY 09/11/2021 100.00 1 894.81207 RAJ-S 00048673 GENERAL STACK 20/10/2023 05/09/2023 09/11/2021 BOOK

Powered by Koha